[Event "DV FR-chT"]
[Site "Vladivostok"]
[Date "2007.10.05"]
[Round "7"]
[White "Fedorov, Maksim"]
[Black "Vykhodtceva, Nina"]
[Result "1/2-1/2"]
[WhiteElo "2218"]
[BlackElo "2044"]
[PlyCount "78"]
[EventDate "2007.09.29"]
[EventType "team-tourn"]
[EventRounds "7"]
[EventCountry "RUS"]
[SourceTitle "EXT 2022"]
[Source "ChessBase"]
[SourceDate "2021.10.06"]
[SourceVersion "1"]
[SourceVersionDate "2021.10.06"]
[SourceQuality "1"]

1. e4 e5 2. Nf3 Nc6 3. Bb5 d6 4. d4 exd4 5. Nxd4 Bd7 6. Bxc6 bxc6 7. Nc3 Be7 8. 0-0 Nf6 9. Qf3 c5 10. Nde2 Bc6 11. Qg3 0-0 12. f3 Kh8 13. b3 Rb8 14. Nf4 Ne8 15. Ncd5 Bh4 16. Qg4 Bd7 17. Qh5 c6 18. Ne3 Qf6 19. Nc4 Kg8 20. e5 Qd8 21. exd6 Bf6 22. Bb2 Bxb2 23. Nxb2 Qf6 24. Nfd3 Qxd6 25. Qxc5 Qc7 26. Nc4 Rb5 27. Qe7 Rh5 28. f4 Nf6 29. Nde5 a5 30. Rad1 Qa7+ 31. Kh1 Ne4 32. g4 Ng3+ 33. Kg2 Nxf1 34. Rxf1 Rh6 35. Nxd7 Ra8 36. Re1 Rxh2+ 37. Kxh2 Qf2+ 38. Kh3 Qf3+ 39. Kh4 Qf2+ 1/2-1/2

[Event "DV FR-chT"]
[Site "Vladivostok"]
[Date "2007.10.02"]
[Round "4"]
[White "Meleshko, Tatiana"]
[Black "Vykhodtceva, Nina"]
[Result "1-0"]
[WhiteElo "2099"]
[BlackElo "2044"]
[PlyCount "77"]
[EventDate "2007.09.29"]
[EventType "team-tourn"]
[EventRounds "7"]
[EventCountry "RUS"]
[SourceTitle "EXT 2022"]
[Source "ChessBase"]
[SourceDate "2021.10.06"]
[SourceVersion "1"]
[SourceVersionDate "2021.10.06"]
[SourceQuality "1"]

1. d4 d5 2. c4 e6 3. Nf3 Nf6 4. g3 c6 5. Qc2 Nbd7 6. Bg2 Bd6 7. 0-0 0-0 8. Nbd2 e5 9. dxe5 Nxe5 10. Nxe5 Bxe5 11. Nf3 Re8 12. Nxe5 Rxe5 13. Bf4 Bf5 14. Qd2 Ne4 15. Qb4 Re7 16. cxd5 cxd5 17. Rfd1 Rd7 18. Rac1 Rc8 19. h3 Rxc1 20. Rxc1 g5 21. Be5 f6 22. Bd4 b6 23. g4 Be6 24. Qb3 Kf7 25. Qd3 h5 26. f3 Ng3 27. Kf2 h4 28. Rc6 f5 29. Qe3 Rd6 30. Rxd6 Qxd6 31. Qxg5 fxg4 32. hxg4 Qe7 33. Qxe7+ Kxe7 34. Be5 d4 35. b3 Bd7 36. Bxd4 Bb5 37. e3 Ne2 38. Bb2 Ke6 39. Bf1 1-0